[Event "Petroupoli-ch"]
[Site "Petropouli"]
[Date "2014.02.01"]
[Round "2"]
[White "Dimoudi, Alexandra"]
[Black "Katsoulotos, Ioannis"]
[Result "1-0"]
[WhiteElo "1137"]
[BlackElo "1000"]
[PlyCount "93"]
[EventDate "2014.01.25"]
[EventType "swiss"]
[EventRounds "7"]
[EventCountry "GRE"]
[SourceTitle "EXT 2015"]
[Source "ChessBase"]
[SourceDate "2014.11.20"]
[SourceVersion "1"]
[SourceVersionDate "2014.11.20"]
[SourceQuality "1"]

1. e4 c5 2. Nc3 d6 3. Bb5+ Bd7 4. Bxd7+ Nxd7 5. d3 e5 6. f4 Ngf6 7. Nf3 exf4 8. Bxf4 Nb6 9. 0-0 d5 10. exd5 Nbxd5 11. Re1+ Be7 12. Nxd5 Nxd5 13. Bg5 0-0 14. Qd2 h6 15. Bxh6 Bf6 16. Re4 gxh6 17. Qxh6 Bg7 18. Rg4 Qf6 19. Qh5 Nf4 20. Qxc5 b6 21. Qe3 Rfe8 22. Qxf4 Qxf4 23. Rxf4 Kf8 24. Ng5 Bh6 25. Rxf7+ Kg8 26. Rf5 Kg7 27. Raf1 Kg6 28. Ne4 Rf8 29. Rxf8 Rxf8 30. Rxf8 Bxf8 31. h4 Kh5 32. g3 Bg7 33. b3 Bd4+ 34. Kh2 Kg4 35. c3 Be5 36. d4 Bg7 37. a4 a5 38. d5 Kf5 39. Nd2 Bxc3 40. Nc4 Kg4 41. d6 Bf6 42. Nxb6 Bd8 43. Nd5 Kh5 44. b4 Kg4 45. b5 Kf5 46. b6 Ke6 47. b7 1-0